Vasvári Pál és az utópista szocializmus. Adalékok és jegyzetek

Elmentve itt :
Bibliográfiai részletek
Szerző: Pándi Pál
Adatforrás:Philobibl
Forrásdokumentuma:Valóság 9
1966/3., 84-89. p.
Dokumentumtípus: Cikk
Nyelv:magyar
Kulcsszavak:eszmetörténet, magyar
LEADER 00349nab a2200109 c 4500
001 bibDOK00010657
005 20200924120612.6
008 060518s1966 hu hun
100 1 |a Pándi Pál 
245 1 0 |a Vasvári Pál és az utópista szocializmus. Adalékok és jegyzetek  |c Pándi Pál 
695 |a eszmetörténet, magyar 
773 0 |t Valóság 9  |g 1966/3., 84-89. p.